Najvyššie orgány štátnej správy.

Najvyššími orgánmi štátnej moci sú vláda ČSFR a vlády jednotlivých republík. Vláda ČSFR je najvyšším výkonným orgánom štátnej moci ČSFR. Charakteristika zloženia vlády a činnosti vlády.

Gespeichert in:
Bibliographische Detailangaben
1. Verfasser: Škultéty, P.
Format: Buchkapitel
Sprache:Slowakisch
Schlagworte:
Tags: Tag hinzufügen
Keine Tags, Fügen Sie das erste Tag hinzu!

MARC

LEADER 00000naa a2200000 4500
001 r007992
005 20220831085544.3
041 0 |a slo 
044 |a [CS] 
245 1 0 |a Najvyššie orgány štátnej správy.  |c P. Škultéty 
520 |a Najvyššími orgánmi štátnej moci sú vláda ČSFR a vlády jednotlivých republík. Vláda ČSFR je najvyšším výkonným orgánom štátnej moci ČSFR. Charakteristika zloženia vlády a činnosti vlády. 
610 2 0 |a správa štátna 
610 2 0 |a vláda 
610 2 0 |a ČSFR 
610 2 0 |a Čechy 
610 2 0 |a Slovensko 
100 1 |a Škultéty, P.